Ukradnutý bozk (Record no. 22306)
[ view plain ]
| 000 -LEADER | |
|---|---|
| fixed length control field | 01606nam a2200445 4500 |
| 001 - CONTROL NUMBER | |
| control field | 22306 |
| 003 - CONTROL NUMBER IDENTIFIER | |
| control field | VRT |
| 005 - DATE AND TIME OF LATEST TRANSACTION | |
| control field | 20260326083056.0 |
| 008 - FIXED-LENGTH DATA ELEMENTS--GENERAL INFORMATION | |
| fixed length control field | 200612s2019 xo d 000 f slo d |
| 020 ## - INTERNATIONAL STANDARD BOOK NUMBER | |
| International Standard Book Number | 9788022210157 |
| Qualifying information | (brožované) |
| 035 ## - SYSTEM CONTROL NUMBER | |
| System control number | a000661569 |
| 039 #9 - LEVEL OF BIBLIOGRAPHIC CONTROL AND CODING DETAIL [OBSOLETE] | |
| Level of rules in bibliographic description | 202210170924 |
| Level of effort used to assign nonsubject heading access points | fuskovaz |
| Level of effort used to assign subject headings | 202009291056 |
| Level of effort used to assign classification | izakovicm |
| Level of effort used to assign subject headings | 202009231405 |
| Level of effort used to assign classification | kucmanj |
| Level of effort used to assign subject headings | 202006121119 |
| Level of effort used to assign classification | hlavenkova |
| 040 ## - CATALOGING SOURCE | |
| Original cataloging agency | SKPK |
| Language of cataloging | slo |
| Transcribing agency | SKPK |
| Modifying agency | UKB |
| Description conventions | rda |
| 041 1# - LANGUAGE CODE | |
| Language code of text/sound track or separate title | slo |
| Language code of original | eng |
| 044 ## - COUNTRY OF PUBLISHING/PRODUCING ENTITY CODE | |
| MARC country code | xo |
| ISO country code | SK |
| 072 #7 - SUBJECT CATEGORY CODE | |
| Subject category code | 821.111(73)-3 |
| Subject category code subdivision | Americká próza |
| Source | konspekt |
| 080 ## - UNIVERSAL DECIMAL CLASSIFICATION NUMBER | |
| Universal Decimal Classification number | 821.111(73)-31 |
| Edition identifier | 2011 |
| 080 ## - UNIVERSAL DECIMAL CLASSIFICATION NUMBER | |
| Universal Decimal Classification number | (0:82-311.4) |
| Edition identifier | 2011 |
| 080 ## - UNIVERSAL DECIMAL CLASSIFICATION NUMBER | |
| Universal Decimal Classification number | (0:82-312.5) |
| Edition identifier | 2011 |
| 100 1# - MAIN ENTRY--PERSONAL NAME | |
| Personal name | Shen, L. J. |
| Relationship | aut |
| 240 14 - UNIFORM TITLE | |
| Uniform title | The kiss thief. |
| Language of a work | Slovensky |
| 245 10 - TITLE STATEMENT | |
| Title | Ukradnutý bozk |
| Statement of responsibility, etc. | L. J. Shenová ; z anglického originálu The kiss thief ... preložila Natália Rondzíková |
| 246 1# - VARYING FORM OF TITLE | |
| Display text | Obálkový podnázov: |
| Title proper/short title | Román o dohodnutom manželstve |
| 250 ## - EDITION STATEMENT | |
| Edition statement | Vydanie I. |
| 264 #1 - PRODUCTION, PUBLICATION, DISTRIBUTION, MANUFACTURE, AND COPYRIGHT NOTICE | |
| Place of production, publication, distribution, manufacture | Bratislava |
| Name of producer, publisher, distributor, manufacturer | Tatran |
| Date of production, publication, distribution, manufacture, or copyright notice | 2019 |
| 300 ## - PHYSICAL DESCRIPTION | |
| Extent | 286 strán |
| Dimensions | 24 cm |
| 336 ## - CONTENT TYPE | |
| Content type term | text |
| Content type code | txt |
| Source | rdacontent |
| 337 ## - MEDIA TYPE | |
| Media type term | bez média |
| Media type code | n |
| Source | rdamedia |
| 338 ## - CARRIER TYPE | |
| Carrier type term | zväzok |
| Carrier type code | nc |
| Source | rdacarrier |
| 530 ## - ADDITIONAL PHYSICAL FORM AVAILABLE NOTE | |
| Additional physical form available note | Dostupný aj zvukový záznam |
| 655 #7 - INDEX TERM--GENRE/FORM | |
| Genre/form data or focus term | americké romány |
| Source of term | UKBPH |
| 655 #7 - INDEX TERM--GENRE/FORM | |
| Genre/form data or focus term | spoločenské romány |
| Source of term | UKBPH |
| 655 #7 - INDEX TERM--GENRE/FORM | |
| Genre/form data or focus term | ľúbostné romány |
| Source of term | UKBPH |
| 700 1# - ADDED ENTRY--PERSONAL NAME | |
| Personal name | Rondziková, Natália |
| Relationship | trl |
| 776 0# - ADDITIONAL PHYSICAL FORM ENTRY | |
| Title | Ukradnutý bozk |
| Relationship information | [zvukový záznam] |
| 942 ## - ADDED ENTRY ELEMENTS (KOHA) | |
| Source of classification or shelving scheme | Dewey Decimal Classification |
| Koha item type | Krásna literatúra pre dospelých |
| Suppress in OPAC | No |
| 949 ## - LOCAL PROCESSING INFORMATION (OCLC) | |
| 6 | 1800819411 |
| a | SJ.D.24630 |
| b | PV.2020-4117 |
| 949 ## - LOCAL PROCESSING INFORMATION (OCLC) | |
| 6 | 1800819412 |
| a | SK.D.91613 |
| b | PV.2020-4118 |
| s | 6707:20200930 |
| 980 ## - EQUIVALENCE OR CROSS-REFERENCE-SERIES STATEMENT--PERSONAL NAME/TITLE [LOCAL, CANADA] | |
| Personal name | Vydavateľstvo Tatran, s.r.o., Klariská 16, 815 82 Bratislava |
| Stav vyradenia | Strata | Poškodenie | Spôsob nadobudnutia | Domovská knižnica | Aktuálna knižnica | Dátum nadobudnutia | Total checkouts | Čiarový kód exemplára | Date last seen | Typ exemplára |
|---|---|---|---|---|---|---|---|---|---|---|
| Dar | Obecná knižnica Turčianska Štiavnička | Obecná knižnica Turčianska Štiavnička | 26.03.2026 | 4738000718 | 26.03.2026 | Krásna literatúra pre dospelých |
